مكتبة جامعة عجلون الوطنية

فهرس بحث المكتبة

Corruption and fraud in financial markets : (Record no. 33166)

MARC details
000 -LEADER
fixed length control field 01533cam a22003618i 4500
001 - CONTROL NUMBER
control field 21405062
003 - CONTROL NUMBER IDENTIFIER
control field JO-AjAnu
005 - DATE AND TIME OF LATEST TRANSACTION
control field 20231127112632.0
008 - FIXED-LENGTH DATA ELEMENTS--GENERAL INFORMATION
fixed length control field 200128s2020 enk b 001 0 eng
010 ## - LIBRARY OF CONGRESS CONTROL NUMBER
LC control number 2020004374
020 ## - INTERNATIONAL STANDARD BOOK NUMBER
International Standard Book Number 9781119421771
Qualifying information (hardback)
040 ## - CATALOGING SOURCE
Original cataloging agency DLC
Language of cataloging eng
Description conventions rda
Transcribing agency DLC
Modifying agency JO-AjAnu
042 ## - AUTHENTICATION CODE
Authentication code pcc
050 00 - LIBRARY OF CONGRESS CALL NUMBER
Classification number HV6768
Item number .A493 2020
082 00 - DEWEY DECIMAL CLASSIFICATION NUMBER
Classification number 364.16/8
Edition number 23
100 1# - MAIN ENTRY--PERSONAL NAME
Personal name Alexander, Carol
Titles and words associated with a name (Economist),
Relator term author.
245 10 - TITLE STATEMENT
Title Corruption and fraud in financial markets :
Remainder of title malpractice, misconduct and manipulation /
Statement of responsibility, etc. Carol Alexander, Douglas Cumming.
263 ## - PROJECTED PUBLICATION DATE
Projected publication date 2004
264 #1 - PRODUCTION, PUBLICATION, DISTRIBUTION, MANUFACTURE, AND COPYRIGHT NOTICE
Place of production, publication, distribution, manufacture United Kingdom :
Name of producer, publisher, distributor, manufacturer Wiley,
Date of production, publication, distribution, manufacture, or copyright notice 2020.
300 ## - PHYSICAL DESCRIPTION
Extent pages cm
336 ## - CONTENT TYPE
Content type term text
Content type code txt
Source rdacontent
337 ## - MEDIA TYPE
Media type term unmediated
Media type code n
Source rdamedia
338 ## - CARRIER TYPE
Carrier type term volume
Carrier type code nc
Source rdacarrier
504 ## - BIBLIOGRAPHY, ETC. NOTE
Bibliography, etc. note Includes bibliographical references and index.
520 ## - SUMMARY, ETC.
Summary, etc. "Apart from headline cases like the LIBOR scandal, financial market misconduct is actually prevalent in a surprisingly large number of firms. According to a study published in 2014, financial market misconduct and fraud affects about 15% of publicly listed companies each year; and a study published in 2008 claimed that it can cost between 20% and 38% of the company's value"--
Assigning source Provided by publisher.
650 #0 - SUBJECT ADDED ENTRY--TOPICAL TERM
Topical term or geographic name entry element Commercial crimes.
650 #0 - SUBJECT ADDED ENTRY--TOPICAL TERM
Topical term or geographic name entry element Fraud.
650 #0 - SUBJECT ADDED ENTRY--TOPICAL TERM
Topical term or geographic name entry element Money market
General subdivision Corrupt practices.
700 1# - ADDED ENTRY--PERSONAL NAME
Personal name Cumming, Douglas,
Relator term author.
906 ## - LOCAL DATA ELEMENT F, LDF (RLIN)
a 7
b cbc
c orignew
d 1
e ecip
f 20
g y-gencatlg
942 ## - ADDED ENTRY ELEMENTS (KOHA)
Source of classification or shelving scheme Library of Congress Classification
Koha item type Books
Suppress in OPAC No
Holdings
Withdrawn status Lost status Source of classification or shelving scheme Damaged status Not for loan Home library Current library Date acquired Total Checkouts Full call number Barcode Date last seen Price effective from Koha item type
    Library of Congress Classification     مكتبة جامعة عجلون الوطنية مكتبة جامعة عجلون الوطنية 27/11/2023   HV6768.A493 2020 e3649 27/11/2023 27/11/2023 Books
    Library of Congress Classification     مكتبة جامعة عجلون الوطنية مكتبة جامعة عجلون الوطنية 27/11/2023   HV6768.A493 2020 e3650 27/11/2023 27/11/2023 Books